| 000 | 01910nim a2200385 i 4500 | ||
|---|---|---|---|
| 003 | CO-BoRNBP | ||
| 005 | 20230508212833.0 | ||
| 007 | vd cvadzs | ||
| 008 | 21 s2009 ck 125 b |||| |0| mcmul d | ||
| 020 | _a7506036010615 | ||
| 040 |
_aCO-BoRNBP _bspa _erda _cCO-BoRNBP |
||
| 041 | 1 |
_ajpn _hspa |
|
| 082 | 0 | 4 |
_a791.43 _bM39cc _222 |
| 100 | 1 |
_aMiyazaki, Hayao _d1941- _eautor _91854 |
|
| 245 | 1 | 3 |
_aEl castillo de Cagliostro _cguión y dirección de Hayao Miyazaki ; música de Juji Ohno ; producido por Tetsuo Katayama |
| 246 | 3 | 3 | _aLupin the Third: The castle of Cagliostro |
| 250 | _a1a. edición | ||
| 264 | 1 |
_aMéxico, México _bZima Enterteinment _bStudio Ghibli _c2010 |
|
| 300 |
_a1 DVD (100 minutos) _bestéreo, color _c19 cm |
||
| 336 |
_2rdacontent _aimagen bidimensional en movimiento _btdi |
||
| 337 |
_2rdamedia _avideo _bv |
||
| 338 |
_2rdacarrier _avideodisco _bvd |
||
| 520 | 0 | 3 | _a"Escapando de un atraco, el maestro de los ladrones Arsene Lupin III y su mano derecha Jigen, descubren que han robado dinero falso, se embarcará en pro de descubrir quien fue el autor de tal acción, arribando a Cagliostro, país europeo en cuyas colinas yergue el Castillo del Malvado Conde Cagliostro. Tras sus pasos, el inspector de policía Zenigata los busca, por su participación en ese atraco" Tomado del estuche |
| 521 | _aRecomendado para público infantil mayor de 6 años | ||
| 546 | _aPelícula en japonés con subtítulos en español | ||
| 650 | 1 | 7 |
_aPelículas cinematográficas japonesas _vDVD _2LEMB _91855 |
| 650 | 1 | 7 |
_aPelículas animadas japonesas _vDVD _2LEMB _91856 |
| 650 | 1 | 7 |
_aLadrones _vDVD _2LEMB _91868 |
| 650 | 1 | 7 |
_aDibujos animados _vDVD _2LEMB _91858 |
| 650 | 1 | 7 |
_aFalsificadores de dinero _vDVD _2LEMB _91869 |
| 650 | 1 | 7 |
_aHistorias de aventuras _vDVD _2LEMB _91859 |
| 700 | 1 |
_aKatayama, Tetsuo _eproductor _91870 |
|
| 700 | 1 |
_aOhno, Yuji _ecompositor _91871 |
|
| 942 |
_2ddc _cDVD |
||
| 999 |
_c9504 _d9504 |
||